000 00943cam a2200217 4500
001 WB3816-29
008 020501n2002 000 0 eng u
035 _a(Sirsi) u117793
245 _aSupply shortage drives up prices
260 _c2002
490 _aRICS Press Release
_v(pr051) 29 April 2002, (2)
520 _aThe RICS Rural Market Surveyfor the first quarter 2002 reveals that an increase in demand has driven up average farmland prices to £7 873 per ha for the first three months of 2002, from £7 873 last quarter. The residential sector saw the strongest demand, with mixed fortunes throughout the rest of the market. http://www.rics.org/ricscms/bin/show?class=PressRelease&template=/includes/showpr.html&id=727
590 _aWB
650 _aRESIDENTIAL SECTOR
650 _aFARMLAND PRICES
650 _aFARMLAND VALUES
650 _aRURAL MARKET
650 _aRICS SURVEYS
690 _aRURAL-MARKET
942 _n0
999 _c70143
_d70143